000 01832nam a22002777i 4500
999 _c22917
_d22917
003 AR-CdUCM
008 240522b20222022 pe||||| |||| 00| 0 spa d
020 _a978-612-49142-3-2
040 _aMUNICIPALIDAD PROVINCIAL DEL CUSCO
_cBIBLIOTECA MUNICIPAL DEL CUSCO
082 _a330.985 / C765
_bC765
100 _aContreras Carranza, Carlos.
_949955
245 _aEl Estado y los empresarios en la historia económica del Perú independiente /
260 _aLima :
_bMinisterio de Cultura del Perú,
_bProyecto Especial Bicentenario de la Independencia del Perú,
_c2022
300 _a208 páginas. :
_c21 cm.
500 _zBibliografía: páginas 199 - 206
505 _aEl estado y la economía en la república inicial, 1821-1879 -- La independencia y la reestructuración del sistema empresarial, 1821-1896 -- El modelo exportador mejorado, entre finales del siglo XIX y mediados del XX -- La formación del empresariado moderno 1896-1960 -- La búsqueda de alternativas, 1962-1990 -- El desarrollo dirigido por el estado y el sistema empresarial, 1960-1990 -- El retorno a la ortodoxia, 1990 a 2021 -- El sistema empresarial peruano frente al reto de una nueva economía global 1990-2020
650 _aEl estado y la economía en la república inicial, 1821-1879
_949956
650 _a La independencia y la reestructuración del sistema empresarial, 1821-1896
_949957
650 _aEl modelo exportador mejorado, entre finales del siglo XIX y mediados del XX
_949958
650 _aEl desarrollo dirigido por el estado y el sistema empresarial, 1960-1990
_949959
650 _aEl sistema empresarial peruano frente al reto de una nueva economía global 1990-2020
_949960
700 _aMartín Monsalve Zanatti
_949961
856 _fwww.bicentenario.gob.pe/biblioteca
942 _2ddc
_cLIBROS
945 _apbj
_d2024-05-22